| 000 | 00410nam a2200133Ia 4500 | ||
|---|---|---|---|
| 008 | 220217s9999||||xx |||||||||||||| ||und|| | ||
| 020 | _a81-203-2166-9 | ||
| 082 | _a621.392 TRE | ||
| 100 |
_aTreichler, John, R Johnson, Richard, C _93014 |
||
| 245 | 0 | _aTheory and design of adaptive filters | |
| 260 |
_aPrentice hall of india _bNew Delhi _c2002 |
||
| 300 | _b175 | ||
| 650 | _aDIGITAL DESIGN/LOGIC DESIGN | ||
| 999 |
_c170695 _d170695 |
||